Los Países con Más Fronteras - Estadísticas

Estadísticas generales
  • Esta prueba ha sido intentada 55 veces
  • La puntuación promedio es 6 de 7
Estadísticas de respuestas
# de Fronteras País % Correcto
14 Rusia
96%
16 China
94%
10 Brasil
84%
8 República Democrática del Congo
82%
9 Alemania
76%
8 Francia
66%
8 Austria
56%
No se encontraron pruebas coincidentes
Distribución de puntuación
Porcentaje de gente con cada puntuación
Porcentaje por número respondido
Historial de tus puntuaciones
No has intentado esta prueba.